[Event "Hvar op U15"]
[Site "Hvar"]
[Date "2017.09.30"]
[Round "3"]
[White "Knezovic, Matija"]
[Black "Marovic, Luka"]
[Result "1-0"]
[WhiteElo "1246"]
[BlackElo "1324"]
[PlyCount "63"]
[EventDate "2017.09.29"]
[EventType "swiss"]
[EventRounds "5"]
[EventCountry "CRO"]
[SourceTitle "EXT 2019"]
[Source "ChessBase"]
[SourceDate "2018.10.10"]
[SourceVersion "1"]
[SourceVersionDate "2018.10.10"]
[SourceQuality "1"]

1. e4 e5 2. Nf3 Nc6 3. Bb5 b6 4. 0-0 Bb7 5. Re1 Nf6 6. Nc3 Bc5 7. d3 a6 8. Bxc6 Bxc6 9. Nxe5 0-0 10. d4 Be7 11. Nf3 d6 12. Nh4 Bd7 13. Bg5 h6 14. Bxf6 Bxf6 15. Nf5 Bxf5 16. exf5 c5 17. dxc5 dxc5 18. Qxd8 Raxd8 19. Rad1 Rxd1 20. Rxd1 Rd8 21. Rxd8+ Bxd8 22. g4 g6 23. fxg6 fxg6 24. f4 Kf7 25. Kg2 g5 26. f5 Kf6 27. a4 h5 28. Kf3 Bc7 29. Nd5+ Ke5 30. Nxc7 h4 31. Nxa6 Kd4 32. f6 1-0